000
00292nam a2200133Ia 4500
008
230917s9999||||xx |||||||||||||| ||und||
020
_c
RS4
040
_e
193040
_a
MAIN
041
_a
English
082
_a
891.43991 A88K
100
_a
Alvi, Mohammed
245
0
_a
Khaali Makaan
942
_c
BK
999
_c
35974
_d
35974